000 00370nam a2200133Ia 4500
005 20260328101521.0
008 260328s9999||||xx |||||||||||||| ||und||
100 _aRueda García, Nicolás
245 0 _aDesarrollo Urbano y Pobreza en Bogotá /
_cNicolás Rueda García
260 _bUniversidad de los Andes
300 _a84 p.
650 _aDISEÑO URBANO
942 _cBK
999 _c9594
_d9594